000 00680nam a2200241 i 4500
001 C2-0110583
003 PPAK
005 20180727103052.0
008 970623s1992 nyua|||| ||||| | eng d
020 _a0895774267
040 _aPPAK
_beng
_cPPAK
_erda
082 0 4 _a823
_223
090 0 0 _a823
_bPEP
_dK
100 1 _aPepin, Muriel,
_eauthor
245 1 0 _aLittle puppy saves the day
264 1 _aNew York :
_bThe Reader's Digest Associations ,
_c1992
300 _a[19 pages] :
_bcolour illustrations ;
_c25 cm
336 _2rdacontent
_atext
337 _2rdamedia
_aunmediated
338 _2rdacarrier
_avolume
650 1 0 _aChildren's stories, English
942 _ddc
_cB
999 _c27352
_d27352